|
|
|
|
| LEADER |
00000nam a22000007a 4500 |
| 005 |
20210517213345.0 |
| 007 |
cr|||| |||| |
| 008 |
210517s2016 co |||||s|||| 00||0 spa d |
| 020 |
|
|
|a 978-958-762-603-2
|
| 035 |
|
|
|a 33331
|
| 040 |
|
|
|a vLex
|
| 090 |
|
|
|c 11697
|d 11697
|
| 100 |
1 |
|
|a Mr̀quez Sols̕, Santiago
|
| 245 |
1 |
0 |
|a Bitcoin
|h [Recurso electrn̤ico] :
|b Gua̕ completa de la moneda del futuro /
|c Santiago Mr̀quez Sols̕
|
| 256 |
|
|
|a Servicio en ln̕ea
|
| 260 |
|
|
|a Bogot:̀
|b Ediciones de la U,
|c 2016
|
| 300 |
|
|
|a 1 recurso electrn̤ico
|
| 500 |
|
|
|a Las cosas cambian. Todo est ̀sujeto a esta ley. Da igual donde miremos,todo es cambio y nada permanece inalterado para siempre, ¿Todo? Bueno, al menos casi todo, porque el funcionamiento del dinero y cm̤o la Sociedad se articula en torno a ľ no ha variado mucho en los l︢timos siglos. Sin embargo, la llegada de Bitcoin parece que va a cambiar esta situacin̤, el poder democratizador de la Red puede llegar a tocar el instrumento que hace que estados y gobiernos,consigan ejercer su manipulacin̤ sobre los ciudadanos.
|
| 506 |
1 |
|
|a Disponible solo en los productos indicados
|d vLex Global
|d vLex Global (Academic Edition, excluding Law Schools)
|d vLex Global (U.S. Academic Edition, Law Schools)
|d vLex Global (U.S. Academic Edition, excluding Law Schools)
|d vLex Global (Academic Edition, Law Schools)
|
| 650 |
0 |
4 |
|a Inspeccin̤ tributaria
|z Colombia
|
| 650 |
0 |
4 |
|a Contabilidad
|z Colombia
|
| 650 |
0 |
4 |
|a Banca y finanzas
|z Colombia
|
| 740 |
0 |
|
|a vLex Libros (Servicio en ln̕ea)
|
| 856 |
4 |
0 |
|u https://vlex.com/source/bitcoin-guia-completa-de-la-moneda-del-futuro-33331
|z Acceso restringido
|
| 942 |
|
|
|c BOOK
|
| 999 |
0 |
|
|a Tax inspection
|
| 999 |
0 |
|
|a Accounting
|
| 999 |
0 |
|
|a Banking and finance
|